000 00416nam a22001577a 4500
003 MPLRDC
005 20220104123707.0
008 210129b ||||| |||| 00| 0 eng d
082 _a630.1 LAD
100 _a伯格塔. 利安德编辑
245 _a文化: 世界人民的交流
_c
260 _a
_b中国对外翻译出版公司
_c
300 _b
650 _a中国文化史--典籍
942 _cBK
_o630.1 LAD
999 _c13445
_d13435